000 01721nam a2200325 i 4500
001 000003711
003 DO-SdBNP
005 20250704121445.0
007 ta
008 090713t2008 dr ac 001 0 spa d
040 _aDO-SdBNP
_bspa
_cBNPHU
_erda
041 _aspa
082 4 _a972.93
_bC531s 2008
_222
100 1 _aChez Checo, José,
_d1949-
_eautor
_4aut.
_910145
245 1 0 _aSobre libros de historia II :
_b1997-2007 /
_cJosé Chez Checo.
264 1 _aSanto Domingo, República Dominicana :
_bEditora Búho,
_c2008.
300 _a158 páginas :
_bilustraciones ;
_c20 cm.
336 _atexto
_btxt
_2rdacontent
337 _asin mediación
_bn
_2rdamedia
338 _avolumen
_bn
_2rdacarrier
490 0 _aColección Historia Total
_v14
500 _aIncluye datos biográficos del autor en las páginas 155-158
500 _aIncluye referencias bibliograficas y notas al pie de las páginas.
505 0 _aElogio /
_rMaría Ugarte --
_tEpílogo. Memoria de una tertulia: Homenaje a Juan Bosch --
_tMons. Arnaiz en la mente y en el corazón /
_tMons. Bello Peguero y dos obras de José Luis Záez, S.J. --
_tSabor a caña /
_rAntonio Cabezas --
_tRelatos y crónicas de Constanza /
_rConstancio Cassá --
_tDos obras de Julio Portillo --
_tBalaguer y yo : la historia /
_rVíctor Gómez Bergés --
_tVivencias de un guerrillero /
_rRafael Pérez Modesto --
_tEnsayos sobre la guerra restauradora --
_tCarnaval popular dominicano /
_rMariano Hernández y Dagoberto Tejada Ortíz --
_tDel autor.
590 _aInventariado, 2025/BT
650 4 _aLibros
_vReseñas
_910697
651 4 _aRepública Dominicana
_xHistoria
_xEnsayos, conferencias, etc.
_97095
910 _aValidado. Control de calidad EMS.
942 _2ddc
_cLBS1
999 _c3533
_d3533